Villes françaises traversées par la Loire (mort subite) - Statistiques

Statistiques générales
  • Ce quiz a été pris 73 fois
  • Le résultat moyen est 3 sur 6
Answers on the Grid
Answers color-coded by a green-red scale on the quiz's grid according to % correct below.
Le Puy-en-Velay
Roanne
Saint-Étienne
Vichy
Nevers
Bourges
Orléans
Tours
Angers
Nantes
 
Statistiques - réponses
Réponse % Correct
Nantes
69%
Tours
62%
Orléans
56%
Saint-Étienne
44%
Nevers
38%
Roanne
27%
Aucun quiz correspondant
Distribution des résultats
% des personnes avec chaque résultat
Percentile par nombre de réponses
Votre historique - résultats
Vous n’avez pas pris ce quiz